000 00644cam a2200229 4500500
005 20260329002921.0
041 _afre
042 _adc
100 1 0 _aTenaillon, Nicolas
_eauthor
245 0 0 _aLes Ressorts de la violence
260 _c2014.
500 _a5
690 _aDifférences
690 _aDiscrimination
690 _aEnnemi
690 _aHistoire
690 _aProximité
690 _aRessemblance
690 _aVoisin
786 0 _nPhilosophie magazine | 76 | 2 | 2014-02-01 | p. 44-44 | 1951-1787
856 4 1 _uhttps://shs.cairn.info/magazine-philosophie-magazine-2014-2-page-44?lang=fr&redirect-ssocas=7080
999 _c1819655
_d1819655